Permanentní a tranzitorní složky burzovních indexů
Odhad a interpretácia spoločných komponentov 6 svetových búrz: New York (Dow Jones), Tokio (Nikkei), Londýn (FTSE 100), Frankfurt (FAZ), Paríž (CAC), Madrid (Indice General). Základné definície a matematická symbolika kointegrácie. Faktorový model. Empirické výsledky.
Salvato in:
| Autore principale: | |
|---|---|
| Natura: | Capitolo di libro |
| Lingua: | ceco |
| Soggetti: | |
| Tags: |
Nessun Tag, puoi essere il primo ad aggiungerne!!
|
MARC
| LEADER | 00000naa a2200000 4500 | ||
|---|---|---|---|
| 001 | r023784 | ||
| 005 | 20221205090733.1 | ||
| 041 | 0 | |a cze | |
| 044 | |a CZ | ||
| 245 | 1 | 0 | |a Permanentní a tranzitorní složky burzovních indexů |c P. Mariel |
| 520 | |a Odhad a interpretácia spoločných komponentov 6 svetových búrz: New York (Dow Jones), Tokio (Nikkei), Londýn (FTSE 100), Frankfurt (FAZ), Paríž (CAC), Madrid (Indice General). Základné definície a matematická symbolika kointegrácie. Faktorový model. Empirické výsledky. | ||
| 610 | 2 | 0 | |a burzy |
| 610 | 2 | 0 | |a indexy |
| 610 | 2 | 0 | |a matice |
| 610 | 2 | 0 | |a modely |
| 100 | 1 | |a Mariel, Petr | |